MDQL
is popping MORE tags! Check the
thread
!
Quizzes
Events
Quiz Creation
Community
Videos
Private Events
Remove Ads
Sign In
Join for FREE
Feedback
Dark Mode
Quiz Categories
Sports
Geography
Music
Movies
Television
Just For Fun
Miscellaneous
History
Literature
Language
Science
Gaming
Entertainment
Religion
Holiday
For Kids
Quiz Lab
Recent
Popular Today
Quiz Kudos Today
Editor Picks
Curator Picks
Quizzes by...
Day
Popularity
Type
Ratings
Length
Year
Community
Subscriptions
Recent Discussions
Orange Saloon
Badges
Playlists
Quests
Create
Leaderboards
Showdown
Live 5
Trivia Bingo
Activity
Puzzle Library
Sporcle Events
Private Events
Virtual Trivia
Globe League
Become a Host
Pub Owners
SporcleCon
Opinionation
Our Games
Videos
Blog
Mobile Apps
Partnerships
Remove Ads and Go Orange
Feedback
Entertainment
Celebrity
Famous
Musical
Broadway
Show
Quote
Comic Books
Anime
Superhero
DC Comics
Marvel
Cartoons
Animation
Entertainment
Celebrity
Famous
Musical
Broadway
Show
Quote
Comic Books
Anime
Superhero
DC Comics
Marvel
Cartoons
Animation
Random Quiz
Search Sporcle
×
Quiz Lab
Quiz Lab
Entertainment
item
Type in answers that appear in a list
Type in answers that appear in a list
Classic
Best Score? Go Orange.
Apple Items Stats
Can you name the Apple Items?
By
jbernstein55
3m
17 Questions
39 Plays
39 Plays
39 Plays
Comments
Comments
Give Quiz Kudos
Give Quiz Kudos
-
- Ratings
hide this ad
Replay
Link that replays current quiz
Next Quiz
Link to next quiz in quiz playlist
You Got
0%
They Got
Avg Score
50%
Avg Friend Score
Upgrade to see
Score Distribution
Jump to the score distribution portion of the page
Score
0/17
Timer
03:00
0
Plays Today
Year Made
Item
% Correct
2007
Iphone
92.3%
2009
IiPad
71.8%
2005
Ipod Nano
71.8%
2011
Ipad 2
66.7%
1998
Imac
64.1%
2010
Ipod Touch
61.5%
2006
Macbook
59%
2005
Ipod Shuffle
53.8%
2001
Ipod Classic
51.3%
Year Made
Item
% Correct
2006
Macbook Pro
51.3%
2011
Iphone 4S
51.3%
2008
Iphone 3G
48.7%
2011
Macbook Air
41%
2011
Iphone 3GS
28.2%
2012
Iphone 5
27.3%
2004
Ipod Mini
20.5%
2007
Iphone 2G
10.3%
Quiz Playlist
Details
Report
Send in Message
Add To Playlist
Classic:
Type in answers that appear in a list
Last Updated: Feb 16, 2017
Quiz Scoreboard
CHALLENGE
Sign Up to Join the Scoreboard
Show All
Scores
Hide
Comments
May contain spoilers
Recently Published
Find the 'City' Movie
by crazypaving
Movies
60s
5x2 Blitz: Bands
by SL_Kpop136
Music
30s
Colored Red Africa Blitz
by spor1
Geography
30s
More to Explore
Quiz From the Vault
Featured Blog Post
14 Easter Pick-up Lines to Find Eggs With
hide this ad
You Might Also Like...
Tags
apple
item
Today's Top Quizzes in Entertainment
Browse Entertainment
hide this ad
Today's Top Quizzes in item
Browse item
Top Contributed Quizzes in Entertainment
1
Marvel Classic Character Map
2
Dragon Ball Z: Goku's Fights in Order
3
Marvel Characters Bunker
4
JoJo's Bizarre Logic Quiz
5
Celebrity Spelling Bee
6
BOYS PLANET Quiz
7
This is Your Life: Edward Elric
8
This is Your Life: Itachi Uchiha
9
Survivor Winners Logic Quiz
10
One Piece Heroines Chapter Cover
Explore More
Trending Topics
Crossword
Anime
Disney
Harry Potter
NBA
Kpop
Marvel
Song
Pokémon
Country
Soccer
Puzzle
NFL
WWE
The Office
hide this ad
More By:
jbernstein55
Quiz
Plays
Rating
Category
Featured
Created
The One MLB Team with No World Series Appearances
26,801
4.33
Sports
Feb 2, 2013
Coaches on The Voice
11,650
3.85
Television
Feb 23, 2012
NFL Starting Running Backs 2013-14
4,832
2.00
Sports
Oct 15, 2012
MLB Active Hit Leaders (2012)
2,596
3.05
Sports
Apr 18, 2012
Soccer Rules
1,065
1.70
Sports
Mar 1, 2012
Go to Creator's Profile
Score Distribution
Quiz Creator Spotlight
jbernstein55
Follow
Send a Message
Quizzes Created
-
Created Quiz Play Count
-
More By This Creator
Popular Quizzes Today
1
Colored Red Africa Blitz
2
Find the 'City' Movie
3
Find the US States - No Outlines Minefield
4
5x2 Blitz: Bands
5
The Countries of the World
6
Find the US States
7
Find the Countries of Europe - No Outlines Minefield
8
US States
More Entertainment Quizzes
Yellow and Green Comic Characters
Quiz Lab
Trending Quizzes
Colored Red Europe Blitz I
Colored Red Europe Blitz II
Colored Red Africa Blitz II
Colored Red Europe Blitz III
Colored Red Africa Blitz III
Recently Updated
How Do You Spell That?
pecheneg
Godzilla Movies
pecheneg
Grab Bag: 4-10 Letters
pecheneg
2024 March Madness Bracket
pecheneg
Famous TV Couples
Peacemaker
Champions League XIs: Real Madrid
pecheneg
Largest US Cities 1790-2010
pecheneg
Rides in Walt Disney World
pecheneg
Most Oscar Losses (Acting)
pecheneg
Beyoncé Albums
pecheneg
Trending Topics
Crossword
Marvel
Harry Potter
Kpop
NBA
Disney
Anime
Soccer
Pokémon
Song
WWE
Country
Puzzle
The Office
NFL
Your Account Isn't Verified!
In order to create a playlist on Sporcle, you need to verify the email address you used during registration. Go to your
Sporcle Settings
to finish the process.
Report this User
Report this user for behavior that violates our
Community Guidelines
.
Details:
Send Report
Go to the Sporcle.com Mobile Site →
Comments